| 000 | 00848nam a2200277Ia 4500 | ||
|---|---|---|---|
| 003 | OSt | ||
| 005 | 20221007122510.0 | ||
| 006 | a|||||r|||| 00| 0 | ||
| 007 | ta | ||
| 008 | 221006b |||||||| |||| 00| 0 eng d | ||
| 020 | _a8190840614 (pbk) | ||
| 024 | _a110538 | ||
| 037 |
_b2886, 28/06/2010, New India Book Agency _cTextbook |
||
| 040 |
_aPAPL _cPAPL _beng |
||
| 041 |
_2eng _aeng |
||
| 082 | _aB7, P9-;2 Carpa | ||
| 100 | _aJain Vimal Kumar | ||
| 245 | 0 | _aClassical mechanics | |
| 260 |
_aNew _bDelhi Ane Books Pvt Ltd _c2009 |
||
| 300 |
_axii, 284p. _ccm. |
||
| 500 | _aReferences 279-280p.; Index 281-284p. | ||
| 650 |
_a Classical mechanics _9713742 |
||
| 650 | _aPhysics | ||
| 942 |
_hB7, P9-;2 Carpa _cTB _2CC |
||
| 999 |
_c1210444 _d1210444 |
||